<?xml version="1.0" encoding="UTF-8"?>
<record
    xmlns:xsi="http://www.w3.org/2001/XMLSchema-instance"
    xsi:schemaLocation="http://www.loc.gov/MARC21/slim http://www.loc.gov/standards/marcxml/schema/MARC21slim.xsd"
    xmlns="http://www.loc.gov/MARC21/slim">

  <leader>00411nam a2200157Ia 4500</leader>
  <controlfield tag="008">230314s9999    xx            000 0 und d</controlfield>
  <datafield tag="020" ind1=" " ind2=" ">
    <subfield code="a">978-81-312-5707-4</subfield>
  </datafield>
  <datafield tag="041" ind1=" " ind2=" ">
    <subfield code="a">eng</subfield>
  </datafield>
  <datafield tag="082" ind1=" " ind2=" ">
    <subfield code="a">AD/610.6/CLE/B09537</subfield>
  </datafield>
  <datafield tag="100" ind1=" " ind2=" ">
    <subfield code="a">Clement I</subfield>
    <subfield code="9">119826</subfield>
  </datafield>
  <datafield tag="245" ind1=" " ind2=" ">
    <subfield code="a">Management of Nursing Services and Education</subfield>
  </datafield>
  <datafield tag="260" ind1=" " ind2=" ">
    <subfield code="b">Elsevier</subfield>
    <subfield code="a">New Delhi</subfield>
    <subfield code="c">2020</subfield>
  </datafield>
  <datafield tag="300" ind1=" " ind2=" ">
    <subfield code="a">720p</subfield>
  </datafield>
  <datafield tag="906" ind1=" " ind2=" ">
    <subfield code="b">BSC</subfield>
  </datafield>
  <datafield tag="999" ind1=" " ind2=" ">
    <subfield code="c">142399</subfield>
    <subfield code="d">142399</subfield>
  </datafield>
  <datafield tag="952" ind1=" " ind2=" ">
    <subfield code="0">0</subfield>
    <subfield code="1">0</subfield>
    <subfield code="4">0</subfield>
    <subfield code="7">0</subfield>
    <subfield code="8">AD</subfield>
    <subfield code="a">BTIN</subfield>
    <subfield code="b">BTIN</subfield>
    <subfield code="d">2021-09-16</subfield>
    <subfield code="e">Patil Medical Book House</subfield>
    <subfield code="g">695.00</subfield>
    <subfield code="i">5926</subfield>
    <subfield code="l">27</subfield>
    <subfield code="m">28</subfield>
    <subfield code="o">AD 610.6 CLE B09563</subfield>
    <subfield code="p">BTIN-BK-9563</subfield>
    <subfield code="q">2026-04-08</subfield>
    <subfield code="r">2026-03-25 13:14:45</subfield>
    <subfield code="s">2026-03-25</subfield>
    <subfield code="v">451.75</subfield>
    <subfield code="w">2021-03-08</subfield>
    <subfield code="y">BK</subfield>
    <subfield code="z">B09563</subfield>
  </datafield>
  <datafield tag="952" ind1=" " ind2=" ">
    <subfield code="0">0</subfield>
    <subfield code="1">0</subfield>
    <subfield code="4">0</subfield>
    <subfield code="7">0</subfield>
    <subfield code="8">AD</subfield>
    <subfield code="a">BTIN</subfield>
    <subfield code="b">BTIN</subfield>
    <subfield code="d">2021-09-16</subfield>
    <subfield code="e">Patil Medical Book House</subfield>
    <subfield code="g">695.00</subfield>
    <subfield code="i">5926</subfield>
    <subfield code="l">31</subfield>
    <subfield code="m">25</subfield>
    <subfield code="o">AD 610.6 CLE B09564</subfield>
    <subfield code="p">BTIN-BK-9564</subfield>
    <subfield code="r">2026-02-03 16:48:00</subfield>
    <subfield code="s">2026-01-31</subfield>
    <subfield code="v">451.75</subfield>
    <subfield code="w">2021-03-08</subfield>
    <subfield code="y">BK</subfield>
    <subfield code="z">B09564</subfield>
  </datafield>
</record>
